Essays in transportation economics and policy : (Record no. 531875)

000 -LEADER
fixed length control field 01278cam a2200337 a 4500
001 - CONTROL NUMBER
control field 4035271
003 - CONTROL NUMBER IDENTIFIER
control field NUST
005 - DATE AND TIME OF LATEST TRANSACTION
control field 20191030093704.0
008 - FIXED-LENGTH DATA ELEMENTS--GENERAL INFORMATION
fixed length control field 981019s1999 dcua b 011 0 eng
010 ## - LIBRARY OF CONGRESS CONTROL NUMBER
LC control number 98040260
020 ## - INTERNATIONAL STANDARD BOOK NUMBER
International Standard Book Number 0815731825 (acidfree paper)
020 ## - INTERNATIONAL STANDARD BOOK NUMBER
International Standard Book Number 0815731817 (pbk. : acidfree paper)
038 ## - RECORD CONTENT LICENSOR
Staff Name MSOHAIL
040 ## - CATALOGING SOURCE
Original cataloging agency DLC
Transcribing agency DLC
Modifying agency DLC
050 00 - LIBRARY OF CONGRESS CALL NUMBER
Classification number HE193
Item number .E85 1999
082 00 - DEWEY DECIMAL CLASSIFICATION NUMBER
Classification number 388
Edition number 21
245 00 - TITLE STATEMENT
Title Essays in transportation economics and policy :
Remainder of title a handbook in honor of John R. Meyer /
Statement of responsibility, etc. José A. Gómez-Ibáñez, William B. Tye, Clifford Winston, editors.
260 ## - PUBLICATION, DISTRIBUTION, ETC.
Place of publication, distribution, etc. Washington, D.C. :
Name of publisher, distributor, etc. Brookings Institution Press,
Date of publication, distribution, etc. c1999.
300 ## - PHYSICAL DESCRIPTION
Extent vi, 577 p. :
Other physical details ill. ;
Dimensions 24 cm.
504 ## - BIBLIOGRAPHY, ETC. NOTE
Bibliography, etc. note Includes bibliographical references and index.
600 10 - SUBJECT ADDED ENTRY--PERSONAL NAME
Personal name Meyer, John Robert.
9 (RLIN) 25004
650 #0 - SUBJECT ADDED ENTRY--TOPICAL TERM
Topical term or geographic name entry element Transportation and state.
9 (RLIN) 21183
650 #0 - SUBJECT ADDED ENTRY--TOPICAL TERM
Topical term or geographic name entry element Transportation.
9 (RLIN) 13117
700 1# - ADDED ENTRY--PERSONAL NAME
Personal name Meyer, John Robert.
9 (RLIN) 25004
700 1# - ADDED ENTRY--PERSONAL NAME
Personal name Gómez-Ibáñez, José A.,
Dates associated with a name 1948-
9 (RLIN) 22069
700 1# - ADDED ENTRY--PERSONAL NAME
Personal name Tye, W. B.
Fuller form of name (William B.)
9 (RLIN) 25005
700 1# - ADDED ENTRY--PERSONAL NAME
Personal name Winston, Clifford,
Dates associated with a name 1952-
9 (RLIN) 25006
906 ## - LOCAL DATA ELEMENT F, LDF (RLIN)
a 7
b cbc
c orignew
d 1
e ocip
f 19
g y-gencatlg
942 ## - ADDED ENTRY ELEMENTS (KOHA)
Source of classification or shelving scheme
Koha item type Book
Holdings
Withdrawn status Lost status Source of classification or shelving scheme Damaged status Not for loan Permanent Location Current Location Date acquired Total Checkouts Full call number Barcode Checked out Date last seen Date last checked out Price effective from Koha item type
          School of Civil and Environmental Engineering (SCEE) School of Civil and Environmental Engineering (SCEE) 10/30/2019 1 388 NIT-11784 05/04/2022 01/04/2022 01/04/2022 10/30/2019 Book
© 2023 Central Library, National University of Sciences and Technology. All Rights Reserved.